Loading...
An introduction to the law of nations
| Main Author: | |
|---|---|
| Published: |
New York
Mc Graw Hills
1955
|
| Subjects: |
| LEADER | 00482nam a22001457a 4500 | ||
|---|---|---|---|
| 074 | |a 1888 | ||
| 082 | |a 341 SVA | ||
| 100 | |a Svarlien,Oscar |9 803 | ||
| 245 | |a An introduction to the law of nations | ||
| 260 | |a New York |b Mc Graw Hills |c 1955 | ||
| 300 | |a xv,478p. | ||
| 500 | |a include bibliographical references and index | ||
| 653 | |a Law |a international law | ||
| 999 | |c 978 |d 978 | ||
| 952 | |0 0 |1 0 |2 udc |4 0 |6 341_SVA |7 0 |9 1335 |a NUALS |b NUALS |d 2009-10-09 |l 0 |o 341 SVA |p 1888 |r 2013-04-11 |t 1 |w 2013-04-11 |y BOOKS | ||